US States without Black Bears - Statistics

General Stats
  • This quiz has been taken 36 times
  • The average score is 7 of 9
Answer Stats
Answer % Correct
Hawaii
94%
Indiana
79%
Kansas
79%
Delaware
76%
South Dakota
76%
Iowa
73%
Nebraska
70%
North Dakota
70%
Illinois
48%
No matching quizzes found
Score Distribution
Percent of People with Each Score
Percentile by Number Answered
Your Score History
You have not taken this quiz